Wszystkie Przedmioty w szkole podstawowej - Statystyki

Ogólne statystyki
  • Ten quiz został rozwiązany 433 razy
    390 od ostatniego zresetowania
  • Średni wynik to 13 z 19
Statystyki odpowiedzi
Klasa
od której
jest ten
przedmiot
Nazwa % Poprawnych
1 Matematyka
94%
1 Język Angielski
92%
1 Język Polski
91%
1 WF
89%
1 Plastyka
81%
5 Biologia
80%
7 Chemia
79%
1 Muzyka
79%
7 Fizyka
77%
5 Geografia
76%
1 Religia / Etyka
76%
4 Przyroda
72%
4 Historia
71%
4 (2) Technika
71%
1 Informatyka
65%
7 Wiedza o Społeczeństwie / WOS
56%
4 Basen
6%
7 Język Dodatkowy
4%
1 Rozwijanie Kreatywności
0%
Nie znaleziono quizów pasujących do podanych kryteriów
Rozkład punktacji
Procent ludzi z każdym wynikiem
Percentyl według liczby udzielonych odpowiedzi
Twoja historia wyników
Nie rozwiązałeś tego quizu od ostatniego zresetowania